Alle Formel 1 Rennstrecken 2024 - Statistiken

Allgemein
  • Dieses Quiz wurde 239 mal gespielt
  • Das Durchschnittsergebnis liegt bei 18 aus 24
Antwortstatistiken
Hint Antwort % Korrekt
1 Bahrain
88%
16 Italien
88%
4 Japan
88%
19 USA
88%
3 Australien
87%
11 Österreich
87%
14 Belgien
84%
15 Niederlande
84%
24 Brasilien
83%
5 China
83%
2 Saudi Arabien
82%
10 Spanien
82%
8 Monaco
80%
9 Kanada
78%
20 Mexiko
77%
13 Ungarn
77%
22 Katar
74%
6 Miami
74%
18 Singapur
70%
21 Las Vegas
69%
17 Aserbaidschan
62%
7 Imola
59%
23 Abu Dahbi
37%
12 Großbritanien
37%
Keine übereinstimmenden Quizze gefunden
Verteilung der Resultate
Anzahl Personen mit jedem Resultat
Perzentil nach korrekt beantworteten Fragen
Ihre Resultats-Entwicklung
Sie haben dieses Quiz noch nicht gespielt